MARC details
| 000 -CABECERA |
| campo de control de longitud fija |
00990nam a2200265 a 4500 |
| 001 - NÚMERO DE CONTROL |
| campo de control |
000020356 |
| 003 - IDENTIFICADOR DEL NÚMERO DE CONTROL |
| campo de control |
DO-SdBNP |
| 005 - FECHA Y HORA DE LA ÚLTIMA TRANSACCIÓN |
| campo de control |
20240412141246.0 |
| 008 - DATOS DE LONGITUD FIJA--INFORMACIÓN GENERAL |
| campo de control de longitud fija |
100906s1967 sp r 000 0 spa d |
| 040 ## - FUENTE DE LA CATALOGACIÓN |
| Centro catalogador/agencia de origen |
DO-SdBNP |
| Lengua de catalogación |
spa |
| Centro/agencia transcriptor |
BNPHU |
| 082 ## - NÚMERO DE LA CLASIFICACIÓN DECIMAL DEWEY |
| Número de clasificación |
854.91 |
| Número de documento/Ítem |
G747c,1967 |
| Número de edición |
22 |
| 100 1# - ENTRADA PRINCIPAL--NOMBRE DE PERSONA |
| Nombre de persona |
Gramsci, Antonio, |
| Fechas asociadas al nombre |
1891-1937. |
| 9 (RLIN) |
5232 |
| 240 10 - TÍTULO UNIFORME |
| Título uniforme |
Quaderni del carcere |
| Lenguaje de la obra |
Español |
| 245 10 - MENCIÓN DE TÍTULO |
| Título |
Cultura y literatura / |
| Mención de responsabilidad, etc. |
Antonio Gramsci ; selección y prólogo, Jordi Solé-Tura. |
| 260 ## - PUBLICACIÓN, DISTRIBUCIÓN, ETC. |
| Lugar de publicación, distribución, etc. |
Madrid : |
| Nombre del editor, distribuidor, etc. |
Península, |
| Fecha de publicación, distribución, etc. |
1967. |
| 300 ## - DESCRIPCIÓN FÍSICA |
| Extensión |
356 p. ; |
| Dimensiones |
20 cm. |
| 490 0# - MENCIÓN DE SERIE |
| Mención de serie |
Literatura ; |
| Designación de volumen o secuencia |
274 |
| 500 ## - NOTA GENERAL |
| Nota general |
Incluye referencias bibliograficas y notas al pie páginas |
| 650 #4 - PUNTO DE ACCESO ADICIONAL DE MATERIA--TÉRMINO DE MATERIA |
| Término de materia o nombre geográfico como elemento de entrada |
Intelectuales |
| Subdivisión de forma |
Ensayos, conferencias, etc. |
| 9 (RLIN) |
43016 |
| 650 #4 - PUNTO DE ACCESO ADICIONAL DE MATERIA--TÉRMINO DE MATERIA |
| Término de materia o nombre geográfico como elemento de entrada |
Literatura |
| Subdivisión de forma |
Ensayos, conferencias, etc. |
| 9 (RLIN) |
43017 |
| 650 #4 - PUNTO DE ACCESO ADICIONAL DE MATERIA--TÉRMINO DE MATERIA |
| Término de materia o nombre geográfico como elemento de entrada |
Crítica literaria |
| Subdivisión de forma |
Ensayos, conferencias, etc. |
| 9 (RLIN) |
43018 |
| 650 #4 - PUNTO DE ACCESO ADICIONAL DE MATERIA--TÉRMINO DE MATERIA |
| Término de materia o nombre geográfico como elemento de entrada |
Periodismo |
| Subdivisión geográfica |
Italia |
| Subdivisión de forma |
Ensayos, conferencias, etc. |
| 9 (RLIN) |
43019 |
| 700 12 - PUNTO DE ACCESO ADICIONAL--NOMBRE DE PERSONA |
| Nombre de persona |
Solé-Tura, J. |
| Término indicativo de función/relación |
tr. |
| Fechas asociadas al nombre |
1930 - |
| 9 (RLIN) |
43020 |
| 942 ## - ELEMENTOS DE PUNTO DE ACCESO ADICIONAL (KOHA) |
| Fuente del sistema de clasificación o colocación |
Dewey Decimal Classification |
| Tipo de ítem Koha |
Libro |